A companion to eighteenth-century Europe /
| Other Authors: | |
|---|---|
| Format: | eBook |
| Language: | English |
| Published: |
Malden, MA :
Blackwell,
2008.
|
| Series: | Blackwell companions to European history.
Blackwell companions to history. Wiley Online Library. |
| Subjects: | |
| Online Access: | Connect to the full text of this electronic book |
MARC
| Tag | First Indicator | Second Indicator | Subfields |
|---|---|---|---|
| LEADER | 00000cam a2200000Ia 4500 | ||
| 001 | in00002692015 | ||
| 005 | 20210728124709.0 | ||
| 006 | m d | ||
| 007 | cr cn||||||||| | ||
| 008 | 090527s2008 mau ob 001 0 eng d | ||
| 020 | |a 1444303031 | ||
| 020 | |a 9781444303032 | ||
| 024 | 7 | |a 10.1002/9781444303032 |2 doi | |
| 035 | |a (OCoLC)352842754 | ||
| 035 | |a (OCoLC)ocn352842754 | ||
| 035 | |a 3963710 | ||
| 037 | |a 10.1002/9781444303032 |b Wiley InterScience |n http://www3.interscience.wiley.com | ||
| 040 | |a DG1 |b eng |c DG1 |d DG1 |d TXA |d UtOrBLW | ||
| 043 | |a e------ | ||
| 049 | |a TXAM | ||
| 050 | 4 | |a D286 |b .C57 2008eb | |
| 082 | 0 | 4 | |a 940.2/53 |2 22 |
| 245 | 0 | 2 | |a A companion to eighteenth-century Europe / |c edited by Peter H. Wilson. |
| 264 | 1 | |a Malden, MA : |b Blackwell, |c 2008. | |
| 300 | |a 1 online resource (xiv, 592 pages) | ||
| 336 | |a text |b txt |2 rdacontent | ||
| 337 | |a computer |b c |2 rdamedia | ||
| 338 | |a online resource |b cr |2 rdacarrier | ||
| 490 | 1 | |a Blackwell companions to European history | |
| 490 | 1 | |a Blackwell companions to history | |
| 500 | |a Electronic resource. | ||
| 504 | |a Includes bibliographical references and index. | ||
| 650 | 1 | 7 | |a Geschiedenis. |2 gtt |
| 651 | 0 | |a Europe |x Civilization |y 18th century. |0 http://id.loc.gov/authorities/subjects/sh85045638 | |
| 651 | 0 | |a Europe |x History |y 1648-1789. |0 http://id.loc.gov/authorities/subjects/sh85045700 | |
| 651 | 0 | |a Europe |x History |y 1789-1815. |0 http://id.loc.gov/authorities/subjects/sh85045703 | |
| 651 | 7 | |a Europa (geografie) |2 gtt | |
| 655 | 7 | |a Electronic books. |2 local | |
| 700 | 1 | |a Wilson, Peter H. |q (Peter Hamish) |0 http://id.loc.gov/authorities/names/n98880534 | |
| 776 | 1 | |c Original |z 9781405139472 |z 1405139471 |w (DLC) 2007049382 |w (OCoLC)182857110 | |
| 830 | 0 | |a Blackwell companions to European history. |0 http://id.loc.gov/authorities/names/no2002075717 | |
| 830 | 0 | |a Blackwell companions to history. |0 http://id.loc.gov/authorities/names/n2001038790 | |
| 830 | 0 | |a Wiley Online Library. | |
| 856 | 4 | 0 | |u http://proxy.library.tamu.edu/login?url=https://dx.doi.org/10.1002/9781444303032 |z Connect to the full text of this electronic book |t 0 |
| 948 | |a cataloged |b h |c 2012/2/20 |d c |e jlanham |f 1:35:57 pm | ||
| 994 | |a C0 |b TXA | ||
| 999 | |a MARS | ||
| 999 | f | f | |s 02ecc263-4c4c-3d1d-be3b-8aedddc4fc6d |i b6f956e4-31d8-3750-94ad-20411ce23ce8 |t 0 |
| 952 | f | f | |a Texas A&M University |b College Station |c Electronic Resources |d Available Online |t 0 |e D286 .C57 2008eb |h Library of Congress classification |
| 998 | f | f | |a D286 .C57 2008eb |t 0 |l Available Online |